Statistics for TV Shows Set in San Francisco

Click here to take the quiz!

General Stats

  • This quiz has been taken 30 times
  • The average score is 6 of 18

Answer Stats

Years Stars TV Show % Correct
2002-2009Tony ShalhoubMonk
81%
1987-1995Bob Saget, John Stamos, Olsen TwinsFull House
74%
1998-2006Shannen Doherty, Alyssa Milano, Holly Marie CombsCharmed
63%
1967-1973Raymond BurrIronside
56%
1972-1977Karl Malden, Michael DouglasStreets of San Francisco
52%
1997-2002Jenna Elfman, Thomas GibsonDharma & Greg
48%
1996-2001Don Johnson, Cheech MarinNash Bridges
37%
1979-1986Pernell Roberts, Gregory HarisonTrapper John, MD
33%
1996-2000Brooke Shields, Kathy GriffinSuddenly Susan
30%
1968-1973Doris DayThe Doris Day Show
26%
1975-1977Cloris LeachmanPhyllis
26%
1986-1988Pam Dawber, Rebecca SchaefferMy Sister Sam
26%
1971-1977Rock Hudson, Susan Saint JamesMcMillan & Wife
22%
1986-1988David RascheSledge Hammer
15%
1980-1987Ted Knight, Nancy DussaultToo Close For Comfort
11%
1979-1982Wayne Rogers, Lynn RedgraveHouse Calls
7%
1975-1976William Shatner, Doug McClureBarbary Coast
7%
1960-1962Doug McClure, Sebastian Cabot, Anthony GeorgeCheckmate
7%

Score Distribution

Percentile by Number Answered

Percent of People with Each Score

Your Score History

You have not taken this quiz